00661nam a22001577a 4500003000400000082001700004100001000021245017100031260004400202300000700246650005700253653005700310942001200367952010700379999001700486SGT a617.69bT23K aKusum aTo evaluate and compare the stress distribution on Dental implants in All-On-Four situation in Atrophic Mandible with change in superstructure materialsbA FEA Study aGurugram, HaryanabSGT Universityc2023 a97 aProsthodontics, Crown & Bridge and Oral Implantology aProsthodontics, Crown & Bridge and Oral Implantology 2ddccTH 00102ddc405171aFDbFDd2023-01-25iSGTUo617.69 T23KpDT1484r2023-01-25 00:00:00w2023-01-25yTH c23731d23731